[Event "Nezhmetdinov Cup 2013"]
[Site "?"]
[Date "2013.05.31"]
[Round "1.39"]
[White "Lugovskoy, Maxim"]
[Black "Beinenson, Katsiaryna"]
[Result "1-0"]
[WhiteElo "2396"]
[BlackElo "1970"]
[PlyCount "59"]
[EventDate "2013.05.31"]

1. e4 c5 2. Nf3 Nc6 3. c3 d5 4. exd5 Qxd5 5. d4 Nf6 6. Be2 e6 7. O-O Be7 8. Be3
cxd4 9. cxd4 O-O 10. Nc3 Qd6 11. a3 a6 12. Bd3 b5 13. Ng5 Rd8 14. Qf3 Bb7 15.
Nce4 Nxe4 16. Qxf7+ Kh8 17. Bxe4 Bxg5 18. Bxg5 Rd7 19. Qh5 g6 20. Bxg6 Kg8 21.
Be4 Nxd4 22. Bxb7 Rxb7 23. Bf6 Nf5 24. Rad1 Qc6 25. Qg5+ Kf7 26. Be5 Kf8 27.
Rc1 Qd5 28. Qf6+ Rf7 29. Qh8+ Ke7 30. Rc7+ 1-0

[Event "Nezhmetdinov Cup 2013"]
[Site "?"]
[Date "2013.05.31"]
[Round "1.40"]
[White "Matsenko, Elena"]
[Black "Ponfilenok, Vladimir"]
[Result "0-1"]
[WhiteElo "1966"]
[BlackElo "2395"]
[PlyCount "68"]
[EventDate "2013.05.31"]

1. e4 e6 2. d4 d5 3. exd5 exd5 4. Bd3 c5 5. dxc5 Bxc5 6. Nf3 Nf6 7. O-O O-O 8.
Bg5 Nc6 9. Nc3 Be6 10. a3 h6 11. Bh4 g5 12. Bg3 Nh5 13. Kh1 Qf6 14. Bb5 Nxg3+
15. fxg3 Nd4 16. Nxd4 Qxd4 17. Qh5 Qg7 18. Bd3 Bd4 19. Nd1 Rae8 20. c3 Bb6 21.
Nf2 f5 22. Qd1 f4 23. Bb5 fxg3 24. Bxe8 gxf2 25. Bh5 g4 26. Qe2 Bf5 27. Rad1
Qg5 28. Be8 Qf4 29. Rd4 Bxd4 30. cxd4 Qe4 31. Bb5 Qxe2 32. Bxe2 Be4 33. Rc1 h5
34. Bf1 h4 0-1

[Event "Nezhmetdinov Cup 2013"]
[Site "?"]
[Date "2013.05.31"]
[Round "1.41"]
[White "Arslanov, Shamil"]
[Black "Gubajdullin, Marsel"]
[Result "1-0"]
[WhiteElo "2391"]
[BlackElo "1936"]
[PlyCount "85"]
[EventDate "2013.05.31"]

1. e4 d6 2. d4 g6 3. Nc3 e5 4. Nf3 Bg7 5. dxe5 dxe5 6. Qxd8+ Kxd8 7. Ng5 Nh6 8.
Bc4 f6 9. h4 c6 10. Ne6+ Bxe6 11. Bxe6 Re8 12. Bb3 Nd7 13. Bxh6 Bxh6 14. h5 g5
15. Ne2 Nc5 16. Ng3 a5 17. Nf5 Bf8 18. Bf7 Nxe4 19. Bxe8 Kxe8 20. Ke2 Bc5 21.
f3 Nd6 22. Nxd6+ Bxd6 23. Rad1 Ke7 24. g4 b5 25. Rd3 c5 26. Rhd1 Ra6 27. a4 c4
28. Rd5 bxa4 29. Rb5 Ra7 30. Rdd5 c3 31. bxc3 a3 32. Rxa5 Rxa5 33. Rxa5 Kd7 34.
Kd3 Kc6 35. Ra6+ Kc7 36. Kc4 f5 37. gxf5 e4 38. fxe4 g4 39. Kd3 Kb7 40. Ra4 Kc6
41. e5 Bxe5 42. Rxg4 Kd5 43. Re4 1-0

[Event "Nezhmetdinov Cup 2013"]
[Site "?"]
[Date "2013.05.31"]
[Round "1.42"]
[White "Krotiuk, Daria"]
[Black "Zenzera, Alexey"]
[Result "1/2-1/2"]
[WhiteElo "1916"]
[BlackElo "2387"]
[PlyCount "103"]
[EventDate "2013.05.31"]

1. e4 c5 2. Nf3 e6 3. d4 cxd4 4. Nxd4 a6 5. c4 Nf6 6. Nc3 Qc7 7. Be3 Be7 8. Be2
O-O 9. Rc1 b6 10. O-O Bb7 11. f3 d6 12. Qd2 Nbd7 13. Rfd1 Rac8 14. Bf1 Qb8 15.
Qf2 Bd8 16. b3 Kh8 17. Nde2 Rg8 18. Bd4 Ba8 19. Ng3 Bc7 20. Be3 Ne5 21. Nge2 g5
22. Bd4 Rg6 23. h3 Rcg8 24. g4 h5 25. Bg2 R8g7 26. Rd2 Bc6 27. a4 Rh7 28. Qe3
Qb7 29. Ng3 Kg8 30. Re1 Be8 31. Qe2 Qb8 32. Nf1 Nfd7 33. Rdd1 Bd8 34. Ng3 h4
35. Nf1 Nc6 36. Be3 Bf6 37. Qc2 Be5 38. Ne2 Nc5 39. Nd4 Nxd4 40. Bxd4 Bxd4+ 41.
Rxd4 e5 42. Rd2 Ne6 43. Ne3 Nd4 44. Qd3 Bc6 45. Nf5 Re6 46. Nxd4 exd4 47. Qxd4
Rhh6 48. Red1 Rhf6 49. Qe3 Re5 50. Qc3 Qc7 51. Qb4 a5 52. Qc3 1/2-1/2

[Event "Nezhmetdinov Cup 2013"]
[Site "?"]
[Date "2013.05.31"]
[Round "1.45"]
[White "Denisov, Lev"]
[Black "Lyutov, Timofey"]
[Result "1-0"]
[WhiteElo "2368"]
[BlackElo "1856"]
[PlyCount "97"]
[EventDate "2013.05.31"]

1. d4 d5 2. Nf3 e6 3. g3 c5 4. Bg2 Nc6 5. O-O Nf6 6. c4 Be7 7. cxd5 exd5 8.
dxc5 Bxc5 9. Bg5 Be6 10. Nc3 d4 11. Bxf6 Qxf6 12. Ne4 Qe7 13. Nxc5 Qxc5 14. Rc1
Qd6 15. Qa4 O-O 16. Rfd1 Rad8 17. Ng5 Bd5 18. e4 Be6 19. f4 Bg4 20. Rd2 Bd7 21.
Qb3 h6 22. Nf3 Bc8 23. Rcd1 Qc5 24. Kh1 b5 25. Qc2 Qb6 26. b3 Bb7 27. Qb2 d3
28. Nh4 Ne7 29. Rxd3 Rxd3 30. Rxd3 Rd8 31. Rxd8+ Qxd8 32. Qe2 Qd4 33. h3 b4 34.
Kh2 Qb6 35. Nf3 Ba6 36. Qd2 Nc6 37. e5 Qc5 38. g4 Qc3 39. Qd7 Bf1 40. Qe8+ Kh7
41. Ng5+ hxg5 42. Be4+ g6 43. Qxf7+ Kh8 44. Qf6+ Kg8 45. Bd5+ Kh7 46. Qf7+ Kh6
47. Qf8+ Kh7 48. Qg8+ Kh6 49. Qh8# 1-0

[Event "Nezhmetdinov Cup 2013"]
[Site "?"]
[Date "2013.05.31"]
[Round "1.46"]
[White "Padikov, Denis"]
[Black "Makhmutov, Rail"]
[Result "0-1"]
[WhiteElo "1820"]
[BlackElo "2360"]
[PlyCount "52"]
[EventDate "2013.05.31"]

1. Nf3 Nf6 2. g3 d5 3. c4 e6 4. Qb3 c5 5. Bg2 Nc6 6. d3 Be7 7. O-O O-O 8. cxd5
exd5 9. Bg5 b6 10. Bxf6 Bxf6 11. Nfd2 Be6 12. Nc3 d4 13. Nd5 Bg5 14. f4 Na5 15.
Qa4 Bxd5 16. fxg5 Bxg2 17. Kxg2 Qxg5 18. Ne4 Qd5 19. g4 Nc6 20. Rf5 Qe6 21.
Raf1 Ne7 22. R5f4 Nd5 23. h3 Ne3+ 24. Kg1 Nxf1 25. Kxf1 Qh6 26. Qd7 Qxf4+ 0-1

[Event "Nezhmetdinov Cup 2013"]
[Site "?"]
[Date "2013.05.31"]
[Round "1.47"]
[White "Gerasimov, Ivan"]
[Black "Trushina, Marina"]
[Result "1-0"]
[WhiteElo "2336"]
[BlackElo "1739"]
[PlyCount "69"]
[EventDate "2013.05.31"]

1. e4 c5 2. Nf3 Nc6 3. d4 cxd4 4. Nxd4 Nf6 5. Nc3 e5 6. Ndb5 d6 7. Nd5 Nxd5 8.
exd5 Ne7 9. c4 Nf5 10. Bd3 Be7 11. O-O O-O 12. Kh1 a6 13. Nc3 Bd7 14. a4 Rc8
15. b3 Bg5 16. Ba3 Be7 17. Ra2 Qb6 18. a5 Qc7 19. Bb4 Nd4 20. f4 Bf5 21. fxe5
Bxd3 22. exd6 Bxd6 23. Bxd6 Qxd6 24. Qxd3 Nxb3 25. Ne4 Qe5 26. Re2 Qh5 27. g4
Qxg4 28. Nf6+ gxf6 29. Rg1 Qxg1+ 30. Kxg1 Nc5 31. Rg2+ Kh8 32. Qf5 Nd7 33. Qxd7
Rxc4 34. h3 Rfc8 35. Qe7 1-0

[Event "Nezhmetdinov Cup 2013"]
[Site "?"]
[Date "2013.05.31"]
[Round "1.48"]
[White "Kozina, Anastasia"]
[Black "Zakhartsov, Vladimir"]
[Result "0-1"]
[WhiteElo "1733"]
[BlackElo "2335"]
[PlyCount "58"]
[EventDate "2013.05.31"]

1. e4 c5 2. b3 e6 3. Nf3 d6 4. Bb2 Nd7 5. Nc3 Ngf6 6. Be2 Be7 7. O-O O-O 8. d3
a6 9. a4 b6 10. d4 Bb7 11. Bd3 Qc7 12. Re1 Rfd8 13. Qe2 Bf8 14. h3 h6 15. Nd1
d5 16. e5 Ne4 17. c4 cxd4 18. Bxd4 Ndc5 19. Bc2 a5 20. Rc1 dxc4 21. Bxe4 Nxe4
22. Rxc4 Nc5 23. Qe3 Bd5 24. Rc1 Qb7 25. Nh4 Nxb3 26. Bxb6 Nxc1 27. Bxd8 Rxd8
28. Qxc1 Qb4 29. g3 Qxe1+ 0-1

[Event "Nezhmetdinov Cup 2013"]
[Site "?"]
[Date "2013.05.31"]
[Round "1.49"]
[White "Ayupov, Damir"]
[Black "Murtazin, Ruslan"]
[Result "1-0"]
[WhiteElo "2334"]
[BlackElo "1710"]
[PlyCount "47"]
[EventDate "2013.05.31"]

1. d4 Nf6 2. c4 c5 3. d5 e6 4. Nc3 exd5 5. cxd5 d6 6. Nf3 g6 7. Bf4 a6 8. a4
Bg7 9. h3 O-O 10. e3 Re8 11. Nd2 Nh5 12. Bh2 Be5 13. Bxe5 Rxe5 14. Nc4 Re8 15.
Be2 Ng7 16. a5 Qf6 17. O-O Nd7 18. Qc2 Ne5 19. Ne4 Qh4 20. Ncxd6 Bf5 21. Nxf5
Nxf5 22. Ra4 c4 23. d6 Rad8 24. Bxc4 1-0

[Event "Nezhmetdinov Cup 2013"]
[Site "?"]
[Date "2013.05.31"]
[Round "1.50"]
[White "Kurninov, Andrei"]
[Black "Odnorozhenko, Evgenyi"]
[Result "0-1"]
[WhiteElo "1707"]
[BlackElo "2319"]
[PlyCount "60"]
[EventDate "2013.05.31"]

1. e4 c5 2. Nf3 Nc6 3. d4 cxd4 4. Nxd4 Nf6 5. Nc3 d6 6. Bc4 Qb6 7. Nxc6 bxc6 8.
O-O e6 9. Bb3 Be7 10. Be3 Qc7 11. f4 O-O 12. g4 d5 13. g5 Nxe4 14. Nxe4 dxe4
15. Qh5 g6 16. Qh6 Rd8 17. Rf2 Bf8 18. Qh4 c5 19. c3 Ba6 20. Rg2 Rab8 21. Rg3
c4 22. Bc2 Rxb2 23. Bxe4 Bb7 24. Rh3 h5 25. gxh6 Kh7 26. Bxb7 Qxb7 27. Rg3 Rd3
28. Re1 Rxe3 29. Rgxe3 Bc5 30. Qg5 Qe4 0-1

[Event "Nezhmetdinov Cup 2013"]
[Site "Kazan"]
[Date "2013.06.01"]
[Round "2.1"]
[White "Azarov, Sergei"]
[Black "Sharafiev, Azat"]
[Result "1-0"]
[WhiteElo "2629"]
[BlackElo "2451"]
[PlyCount "79"]
[EventDate "2013.??.??"]

1. e4 c5 2. Nf3 d6 3. d4 cxd4 4. Nxd4 Nf6 5. Nc3 a6 6. Bg5 Nbd7 7. Bc4 Qb6 8.
Bb3 e6 9. Qd2 Be7 10. O-O-O Nc5 11. f3 Qc7 12. Kb1 Bd7 13. g4 b5 14. Be3 b4 15.
Nce2 a5 16. g5 Nh5 17. Ng3 Nxg3 18. hxg3 g6 19. Qe2 Nxb3 20. cxb3 Qb7 21. Qe1
e5 22. Nc2 Be6 23. Bc1 Rc8 24. Rh2 Kf8 25. g4 Kg7 26. Ne3 Rxc1+ 27. Rxc1 Bxg5
28. Rd1 Rd8 29. Nd5 Ra8 30. Rc2 a4 31. bxa4 b3 32. Rc4 bxa2+ 33. Kxa2 Rb8 34.
Qc3 Qa6 35. b3 Bd8 36. Rc6 Qe2+ 37. Rd2 Qe1 38. Rxd6 Rc8 39. Qxe5+ f6 40. Qb2
1-0

[Event "Nezhmetdinov Cup 2013"]
[Site "Kazan"]
[Date "2013.06.01"]
[Round "2.2"]
[White "Kalegin, Evgenij"]
[Black "Aleksandrov, Aleksej"]
[Result "0-1"]
[WhiteElo "2447"]
[BlackElo "2617"]
[PlyCount "124"]
[EventDate "2013.??.??"]

1. e4 e5 2. Nf3 Nc6 3. Bb5 Nf6 4. O-O Nxe4 5. d4 Nd6 6. dxe5 Nxb5 7. a4 d6 8.
e6 fxe6 9. axb5 Ne7 10. Nc3 Ng6 11. Qd4 Qd7 12. Re1 e5 13. Nd5 Be7 14. Qc3 Bd8
15. Bg5 c6 16. Nb4 c5 17. Nd5 O-O 18. b6 a6 19. Qd2 Rb8 20. Rad1 Kh8 21. Bxd8
Qxd8 22. Ng5 Bf5 23. Ne4 Qd7 24. Ndc3 Rbc8 25. Qxd6 Qe8 26. g3 Rc6 27. Qd5 Bg4
28. Rd2 Bf3 29. Qd7 Qxd7 30. Rxd7 Rxb6 31. b3 c4 32. Nd5 Rc6 33. Rxb7 cxb3 34.
cxb3 Rc2 35. Ne7 Rd8 36. Nxg6+ hxg6 37. Ng5 Bxb7 38. Nf7+ Kg8 39. Nxd8 Bd5 40.
Rd1 Rc5 41. f4 Kf8 42. b4 Rb5 43. Ra1 Rb8 44. Rxa6 Rxd8 45. fxe5 Be4 46. Kf2
Rb8 47. Ra4 Bc6 48. Ra6 Be8 49. h4 Rxb4 50. Ke3 Ke7 51. Rd6 Rg4 52. Kf3 Rc4 53.
Ke3 Bf7 54. Ra6 Be6 55. Ra7+ Bd7 56. Ra6 Kf7 57. Ra7 Ke6 58. Ra6+ Kf5 59. Ra7
Re4+ 60. Kf3 Rd4 61. Ra6 Be6 62. Ra7 Rd7 0-1

[Event "Nezhmetdinov Cup 2013"]
[Site "Kazan"]
[Date "2013.06.01"]
[Round "2.3"]
[White "Maletin, Pavel"]
[Black "Tunik, Gennady"]
[Result "1-0"]
[WhiteElo "2611"]
[BlackElo "2430"]
[PlyCount "100"]
[EventDate "2013.??.??"]

1. c4 Nf6 2. g3 e5 3. Bg2 d5 4. cxd5 Nxd5 5. Nc3 Nb6 6. Nf3 Nc6 7. O-O Be7 8.
a3 O-O 9. b4 f6 10. d3 Kh8 11. Be3 a5 12. Bxb6 cxb6 13. b5 Nd4 14. Nd2 Bd7 15.
Qb1 Rc8 16. Nc4 Be6 17. e3 Bxc4 18. dxc4 Rxc4 19. Nd5 Rc5 20. exd4 Rxd5 21.
Bxd5 Qxd5 22. dxe5 fxe5 23. a4 Bc5 24. Qc2 g6 25. Rae1 Kg7 26. Qe4 Qxe4 27.
Rxe4 Kf6 28. Rfe1 Bd4 29. Kg2 Rc8 30. f4 Rc5 31. fxe5+ Bxe5 32. Rf1+ Ke7 33.
Kf3 h5 34. Ke2 Ke6 35. Rf8 Kd5 36. Kf3 g5 37. Rd8+ Ke6 38. Re2 g4+ 39. Ke4 Rc4+
40. Kd3 Rc3+ 41. Kd2 Rc5 42. Rb8 Kd5 43. Rxb7 Rc4 44. Rd7+ Bd6 45. Re3 Kc5 46.
Rc3 Rxc3 47. Kxc3 Be5+ 48. Kb3 h4 49. gxh4 Bxh2 50. Rg7 Kd5 1-0

[Event "Nezhmetdinov Cup 2013"]
[Site "Kazan"]
[Date "2013.06.01"]
[Round "2.4"]
[White "Durarbayli, Vasif"]
[Black "Yandemirov, Valeri"]
[Result "1/2-1/2"]
[WhiteElo "2597"]
[BlackElo "2422"]
[PlyCount "105"]
[EventDate "2013.??.??"]

1. e4 e6 2. d4 d5 3. Nd2 dxe4 4. Nxe4 Nd7 5. Nf3 Ngf6 6. Nxf6+ Nxf6 7. c3 Be7
8. Bc4 O-O 9. Qe2 c5 10. O-O Qc7 11. Bg5 cxd4 12. cxd4 Rd8 13. Rac1 Qb6 14.
Rfd1 h6 15. Be3 Nd5 16. Bd2 Bf6 17. Qe4 Ne7 18. Bd3 Ng6 19. Be3 Bd7 20. b3 Bc6
21. Qg4 Bxf3 22. Qxf3 Bxd4 23. Bxg6 fxg6 24. Bxd4 Rxd4 25. Rxd4 Qxd4 26. Qxb7
Rf8 27. Rf1 Kh7 28. Qa6 e5 29. h3 Rf6 30. Qe2 a5 31. Rb1 Rd6 32. Re1 Rd5 33.
Qe4 a4 34. Qxd4 exd4 35. Kf1 d3 36. b4 Rd4 37. Rd1 Rxb4 38. Rxd3 Rb2 39. Ra3
Rb4 40. Ke2 g5 41. Ke3 g4 42. h4 Kg6 43. Rd3 Rb2 44. Ra3 Rb4 45. Rc3 Rb2 46.
Rc4 g3 47. Rg4+ Kh7 48. Rxg3 Rxa2 49. Rg4 Ra3+ 50. Ke2 Ra2+ 51. Ke3 Ra3+ 52.
Ke2 Ra2+ 53. Ke3 1/2-1/2

[Event "Nezhmetdinov Cup 2013"]
[Site "Kazan"]
[Date "2013.06.01"]
[Round "2.5"]
[White "Pakhomov, Egor"]
[Black "Kovalenko, Igor"]
[Result "0-1"]
[WhiteElo "2429"]
[BlackElo "2596"]
[PlyCount "84"]
[EventDate "2013.??.??"]

1. Nf3 Nf6 2. d4 e6 3. c4 b6 4. g3 Ba6 5. Qc2 Bb4+ 6. Nbd2 Bb7 7. a3 Be4 8. Qb3
Bxd2+ 9. Bxd2 a5 10. Bh3 a4 11. Qe3 O-O 12. O-O d6 13. Bc3 Nbd7 14. Rac1 Re8
15. Rfd1 Bb7 16. Bf1 Ne4 17. Be1 e5 18. d5 Ndc5 19. Nh4 Bc8 20. f3 Ng5 21. g4
Qf6 22. Bg3 Bd7 23. Rc3 h5 24. h3 Qh6 25. Qd2 f6 26. e4 g6 27. Qg2 Kf7 28. Be2
Rh8 29. Kf1 Rag8 30. Ke1 Ke8 31. Bf2 hxg4 32. hxg4 f5 33. Re3 Kd8 34. gxf5 gxf5
35. exf5 Qf6 36. Ng6 Nf7 37. Bg3 Rh7 38. f4 Bxf5 39. Nxe5 dxe5 40. fxe5 Qg5 41.
Qf3 Rh3 42. d6 Qxg3+ 0-1

[Event "Nezhmetdinov Cup 2013"]
[Site "Kazan"]
[Date "2013.06.01"]
[Round "2.6"]
[White "Fedorov, Alexei"]
[Black "Smirnov, Alexey"]
[Result "0-1"]
[WhiteElo "2591"]
[BlackElo "2413"]
[PlyCount "84"]
[EventDate "2013.??.??"]

1. e4 c5 2. Nf3 d6 3. d4 cxd4 4. Nxd4 Nf6 5. Nc3 a6 6. h3 e5 7. Nde2 Be6 8. g4
h6 9. Bg2 Nbd7 10. O-O Qc7 11. a4 Rc8 12. a5 Be7 13. Be3 O-O 14. b3 Rfe8 15.
Ra2 Nc5 16. Nd5 Bxd5 17. exd5 Nh7 18. c4 Nd7 19. Ng3 Bg5 20. Re1 Bxe3 21. Rxe3
Nhf8 22. Bf1 Ng6 23. b4 Nf6 24. Rd2 Nf4 25. Nf5 Qd7 26. c5 dxc5 27. d6 cxb4 28.
Ne7+ Rxe7 29. dxe7 Qxe7 30. Rc2 Rd8 31. Qe1 e4 32. Rc4 N4d5 33. Rb3 Qe5 34. Qd1
Rd7 35. Qd4 Qf4 36. Rc8+ Kh7 37. Qc5 Ne7 38. Ra8 Nc6 39. Kg2 Rd2 40. Qf5+ Qxf5
41. gxf5 Nxa5 42. Rb1 b3 0-1

[Event "Nezhmetdinov Cup 2013"]
[Site "Kazan"]
[Date "2013.06.01"]
[Round "2.7"]
[White "Onischuk, Vladimir"]
[Black "Lugovskoy, Maxim"]
[Result "1-0"]
[WhiteElo "2584"]
[BlackElo "2396"]
[PlyCount "113"]
[EventDate "2013.??.??"]

1. e4 e6 2. d4 d5 3. Nc3 Bb4 4. exd5 exd5 5. Bd3 Nc6 6. a3 Bxc3+ 7. bxc3 Nge7
8. Qf3 Be6 9. Ne2 Qd7 10. Ng3 Bg4 11. Qf4 Ng6 12. Qe3+ Nce7 13. O-O O-O 14. h3
Bf5 15. Nxf5 Nxf5 16. Qf3 Nfe7 17. a4 Rad8 18. Ba3 Rfe8 19. Rfe1 Nc8 20. a5 Qc6
21. Rxe8+ Qxe8 22. a6 b6 23. Bb4 Qe6 24. Kf1 c6 25. Re1 Qd7 26. Bf5 Qc7 27. Qg3
Nf4 28. Bxc8 c5 29. dxc5 bxc5 30. Bg4 cxb4 31. cxb4 Qc4+ 32. Kg1 h5 33. Bf3
Qxb4 34. Rd1 Re8 35. c3 Qa4 36. Qg5 g6 37. Qf6 Qc4 38. Rd4 Ne2+ 39. Bxe2 Qxe2
40. Rxd5 Qe1+ 41. Kh2 Qe6 42. Qd4 Qxa6 43. Rd7 Qb6 44. Rxa7 Qb8+ 45. f4 Rd8 46.
Qf6 Rf8 47. Rd7 Qe8 48. Rd6 Qc8 49. Qd4 Kh7 50. c4 Qe8 51. f5 Qb8 52. Qf6 Qe8
53. c5 Rg8 54. c6 Rg7 55. c7 Qc8 56. Rc6 Kh6 57. Qd8 1-0

[Event "Nezhmetdinov Cup 2013"]
[Site "Kazan"]
[Date "2013.06.01"]
[Round "2.8"]
[White "Isajevsky, Anton"]
[Black "Grigoriants, Sergei"]
[Result "0-1"]
[WhiteElo "2415"]
[BlackElo "2579"]
[PlyCount "116"]
[EventDate "2013.??.??"]

1. c4 e5 2. Nc3 Nf6 3. Nf3 Nc6 4. d3 Bb4 5. e4 d6 6. Be2 h6 7. O-O a6 8. Ne1
Bc5 9. Kh1 Nd4 10. Nc2 c6 11. Rb1 Nxc2 12. Qxc2 b5 13. b4 Bd4 14. Nd1 O-O 15.
Be3 Qb6 16. a4 Be6 17. c5 dxc5 18. bxc5 Qd8 19. Rb4 a5 20. Rb1 b4 21. Nb2 Qd7
22. Nc4 Bxc4 23. Qxc4 Rfd8 24. h3 Qe7 25. Bd1 Ne8 26. Bb3 Nc7 27. Qc2 Ne6 28.
Bxe6 Qxe6 29. Rfc1 Rd7 30. Rb3 Rad8 31. Kh2 Kh8 32. Re1 Kh7 33. Rd1 Kg8 34. Re1
Re8 35. Re2 Rc8 36. Re1 Ra8 37. Reb1 Rf8 38. Re1 Kh8 39. Re2 Rg8 40. Re1 Rgd8
41. Rc1 f5 42. Re1 fxe4 43. Bxd4 exd3 44. Rxd3 Rxd4 45. Rde3 R8d5 46. Rf3 Kg8
47. Rg3 Qf7 48. Re2 Rf4 49. Rg6 b3 50. Qb1 Rxf2 51. Rxf2 Qxf2 52. Qxb3 Qf4+ 53.
Rg3 e4 54. Kg1 Qe5 55. Rg4 e3 56. Kf1 Qf6+ 57. Kg1 Qa1+ 58. Kh2 Qe5+ 0-1

[Event "Nezhmetdinov Cup 2013"]
[Site "?"]
[Date "2013.06.01"]
[Round "2.12"]
[White "Ponfilenok, Vladimir"]
[Black "Dzhumaev, Marat"]
[Result "0-1"]
[WhiteElo "2395"]
[BlackElo "2549"]
[PlyCount "110"]
[EventDate "2013.06.03"]

1. d4 Nf6 2. Nf3 g6 3. c4 Bg7 4. g3 O-O 5. Bg2 d6 6. O-O Nc6 7. Nc3 Bf5 8. b3
e5 9. d5 Ne7 10. h3 h6 11. g4 Bd7 12. Be3 g5 13. Nd2 Ne8 14. f3 f5 15. Bf2 e4
16. Rc1 Ng6 17. gxf5 exf3 18. Nxf3 Bxf5 19. Nd4 Bd7 20. Ne6 Bxe6 21. dxe6 c6
22. Bg3 Qe7 23. Rxf8+ Nxf8 24. Qd3 Nxe6 25. Rf1 Nc5 26. Qd2 Rd8 27. b4 Nd7 28.
b5 Ne5 29. Qe3 Nc7 30. bxc6 bxc6 31. Kh1 a6 32. Bxe5 Qxe5 33. Qxe5 Bxe5 34. Rc1
Bxc3 35. Rxc3 c5 36. Rb3 Kf7 37. Bc6 Kf6 38. Rb7 Ne6 39. e3 Ng7 40. Kg2 Nf5 41.
Kf3 Ke5 42. Ke2 h5 43. Bd5 g4 44. Rh7 Kf6 45. hxg4 hxg4 46. e4 Nd4+ 47. Kf2 Nc2
48. Kg3 Ke5 49. Ra7 Ne3 50. Rxa6 Rf8 51. Ra8 Rf3+ 52. Kh4 Rh3+ 53. Kg5 g3 54.
Re8+ Kd4 55. Rg8 g2 0-1

[Event "Nezhmetdinov Cup 2013"]
[Site "?"]
[Date "2013.06.01"]
[Round "2.13"]
[White "Gabrielian, Artur"]
[Black "Denisov, Lev"]
[Result "1/2-1/2"]
[WhiteElo "2545"]
[BlackElo "2368"]
[PlyCount "103"]
[EventDate "2013.06.03"]

1. d4 Nf6 2. c4 e6 3. Nc3 Bb4 4. e3 O-O 5. Nge2 d5 6. a3 Bd6 7. c5 Be7 8. b4 c6
9. Nf4 b6 10. Nd3 a5 11. Bb2 Nbd7 12. Be2 Ba6 13. O-O Qc7 14. Qc2 axb4 15. axb4
Bc4 16. Rfb1 Rab8 17. h3 Rb7 18. Nc1 Bxe2 19. N1xe2 Rfb8 20. Bc1 bxc5 21. bxc5
Rxb1 22. Rxb1 h6 23. Ra1 Qb7 24. Qa4 Bd8 25. Bd2 Qc8 26. Nf4 Rb7 27. Nd3 Nb8
28. Nb4 Bc7 29. Kf1 Qd7 30. Nd3 Ne4 31. Nxe4 dxe4 32. Nb4 f5 33. Qa2 Kh7 34.
Qc4 Bd8 35. Ra8 Bf6 36. Qa2 e5 37. d5 cxd5 38. Nxd5 Bd8 39. Kg1 Qc6 40. Nb4
Qxc5 41. Qe6 Qf8 42. Qc8 Rd7 43. Bc3 f4 44. Rxb8 Rd1+ 45. Kh2 fxe3 46. fxe3 Qf2
47. Qg4 Qg1+ 48. Kg3 Qxe3+ 49. Kh2 Qg1+ 50. Kg3 Qe3+ 51. Kh2 Qg1+ 52. Kg3
1/2-1/2

[Event "Nezhmetdinov Cup 2013"]
[Site "?"]
[Date "2013.06.01"]
[Round "2.14"]
[White "Ozolin, Maxim"]
[Black "Zakhartsov, Viacheslav"]
[Result "0-1"]
[WhiteElo "2387"]
[BlackElo "2536"]
[PlyCount "80"]
[EventDate "2013.06.03"]

1. e4 c5 2. Nf3 d6 3. d4 cxd4 4. Nxd4 Nf6 5. Nc3 a6 6. Be3 e5 7. Nb3 Be6 8. Qd2
Nbd7 9. O-O-O Rc8 10. f4 b5 11. f5 Bc4 12. g4 Nxg4 13. Rg1 Ndf6 14. h3 b4 15.
Nd5 Bxd5 16. exd5 Ne4 17. Qe2 Nxe3 18. Qxe3 Nc5 19. Nd4 Qd7 20. Kb1 Be7 21. Nc6
Bf6 22. Bd3 e4 23. Bxe4 O-O 24. Bd3 Rfe8 25. Qh6 Kh8 26. Qh5 Nxd3 27. Rxd3 Re4
28. Qf3 Rce8 29. a3 a5 30. Rg4 Re1+ 31. Ka2 Rc1 32. Rc4 Ree1 33. Re3 Ra1+ 34.
Kb3 Reb1 35. c3 bxa3 36. Rce4 Be5 37. f6 Qb7+ 38. Rb4 Rxb2+ 39. Ka4 axb4 40.
fxg7+ Kg8 0-1

[Event "Nezhmetdinov Cup 2013"]
[Site "?"]
[Date "2013.06.01"]
[Round "2.15"]
[White "Makhmutov, Rail"]
[Black "Dvoirys, Semen"]
[Result "0-1"]
[WhiteElo "2360"]
[BlackElo "2533"]
[PlyCount "76"]
[EventDate "2013.06.03"]

1. d4 Nf6 2. c4 e6 3. Nc3 Bb4 4. Qc2 c5 5. dxc5 Bxc5 6. Bf4 Nc6 7. Nf3 d5 8. e3
O-O 9. a3 Be7 10. Bd3 dxc4 11. Bxc4 a6 12. O-O b5 13. Ba2 Bb7 14. Rad1 Qb6 15.
e4 b4 16. Na4 Qa5 17. e5 Nh5 18. Rd7 Nxf4 19. Rxb7 Nxe5 20. Nxe5 Qxe5 21. axb4
Rab8 22. Rxb8 Rxb8 23. Bc4 Rxb4 24. b3 a5 25. g3 Nd5 26. Rd1 g6 27. Qd3 Nf6 28.
Qf3 Rb8 29. Qc6 h5 30. h4 Ng4 31. Qf3 Bb4 32. Qe2 Qf6 33. Kg2 Bf8 34. Re1 Rd8
35. Nb2 Bc5 36. Nd3 Bb6 37. Qf3 Qc3 38. Rc1 Qd2 0-1

[Event "Nezhmetdinov Cup 2013"]
[Site "?"]
[Date "2013.06.01"]
[Round "2.18"]
[White "Voitsekhovsky, Stanislav"]
[Black "Ayupov, Damir"]
[Result "1-0"]
[WhiteElo "2523"]
[BlackElo "2334"]
[PlyCount "55"]
[EventDate "2013.06.03"]

1. e4 Nf6 2. e5 Nd5 3. d4 d6 4. Nf3 g6 5. Bc4 Nb6 6. Bb3 Bg7 7. a4 dxe5 8. a5
N6d7 9. Bxf7+ Kxf7 10. Ng5+ Kg8 11. Ne6 Qe8 12. Nxc7 Qd8 13. Nxa8 exd4 14. c3
Nc5 15. b4 Ne6 16. O-O dxc3 17. Qb3 Nc6 18. Nxc3 Bd7 19. Rd1 Ncd4 20. Qd5 Kf7
21. Be3 Bc6 22. Qc4 Qd6 23. Bxd4 Bxd4 24. Nc7 Bxf2+ 25. Kxf2 Qxc7 26. Kg1 Qe5
27. b5 Qe3+ 28. Kh1 1-0

[Event "Nezhmetdinov Cup 2013"]
[Site "?"]
[Date "2013.06.01"]
[Round "2.19"]
[White "Odnorozhenko, Evgenyi"]
[Black "Ulibin, Mikhail"]
[Result "0-1"]
[WhiteElo "2319"]
[BlackElo "2523"]
[PlyCount "62"]
[EventDate "2013.06.03"]

1. d4 e6 2. c4 f5 3. Nc3 Nf6 4. Qc2 b6 5. e3 Bb7 6. f3 g6 7. Bd3 Bg7 8. Nge2 c5
9. O-O Nc6 10. a3 O-O 11. d5 exd5 12. Nxd5 Nxd5 13. cxd5 Ne5 14. Nc3 a6 15. Bd2
b5 16. Rad1 Rc8 17. Bc1 b4 18. Nb1 Nxd3 19. Qxd3 c4 20. Qc2 c3 21. d6 Kh8 22.
bxc3 bxc3 23. Rd3 Qa5 24. a4 Rc6 25. Ba3 Rfc8 26. Rc1 Rc4 27. Qb3 Bd5 28. e4
fxe4 29. fxe4 Be6 30. Qb7 h5 31. Rf3 c2 0-1

[Event "Nezhmetdinov Cup 2013"]
[Site "?"]
[Date "2013.06.01"]
[Round "2.20"]
[White "Rozum, Ivan"]
[Black "Faizrakhmanov, Ramil"]
[Result "1-0"]
[WhiteElo "2482"]
[BlackElo "2317"]
[PlyCount "103"]
[EventDate "2013.06.03"]

1. d4 Nf6 2. c4 e6 3. Nc3 Bb4 4. Qc2 O-O 5. Nf3 c5 6. dxc5 Na6 7. c6 bxc6 8. a3
Bxc3+ 9. Qxc3 c5 10. e3 Bb7 11. Be2 Qb6 12. O-O d5 13. b3 Nb8 14. Bb2 Nbd7 15.
Rac1 Rab8 16. Nd2 Ba6 17. b4 cxb4 18. axb4 dxc4 19. Nxc4 Bxc4 20. Qxc4 Nd5 21.
Rfd1 Rfd8 22. Bd4 Qxb4 23. Bxa7 Qxc4 24. Bxc4 Ra8 25. Bd4 N7f6 26. Be2 Rac8 27.
Bf3 Rxc1 28. Rxc1 h6 29. g3 Ne7 30. Rc7 Nfd5 31. Rb7 Nc6 32. Bb2 Rb8 33. Rxb8+
Nxb8 34. g4 Nd7 35. h4 Ne7 36. h5 f5 37. gxf5 exf5 38. Be2 Kf8 39. Kg2 g5 40.
hxg6 Nxg6 41. Kg3 Kf7 42. Bc4+ Ke7 43. Ba3+ Kf6 44. Bb5 Nde5 45. f4 Nf7 46. Bd7
Nge5 47. fxe5+ Kxe5 48. Bc6 Ng5 49. Bf8 h5 50. Bg7+ Kd6 51. Be8 Ne6 52. Bh6 1-0

[Event "Nezhmetdinov Cup 2013"]
[Site "?"]
[Date "2013.06.01"]
[Round "2.21"]
[White "Chistiakova, Tamara"]
[Black "Shinkevich, Vitaly"]
[Result "0-1"]
[WhiteElo "2314"]
[BlackElo "2478"]
[PlyCount "100"]
[EventDate "2013.06.03"]

1. d4 Nf6 2. c4 g6 3. Nc3 d5 4. Nf3 Bg7 5. Qb3 dxc4 6. Qxc4 O-O 7. e4 Na6 8. e5
Nd7 9. Qd5 Nb4 10. Qb3 c5 11. dxc5 Qa5 12. a3 Nc6 13. Be3 Nxc5 14. Qd5 Nd7 15.
O-O-O Ndxe5 16. Nxe5 Bxe5 17. Qxa5 Nxa5 18. Nd5 Bd6 19. b4 Nc6 20. Nf6+ Kg7 21.
Ne4 Be5 22. f4 Bc7 23. Be2 Bf5 24. Bf3 Bb6 25. Bxb6 axb6 26. Kb2 Rfd8 27. Nc3
Be6 28. Rxd8 Rxd8 29. Rd1 Rxd1 30. Nxd1 b5 31. Kc3 Bd7 32. Ne3 e6 33. Bxc6 Bxc6
34. Kd4 Kf6 35. Kc5 e5 36. Ng4+ Ke6 37. Nxe5 Bxg2 38. Kxb5 g5 39. Nd3 Bf1 40.
Kc4 gxf4 41. Kd4 Bxd3 42. Kxd3 Kd5 43. b5 Kc5 44. a4 Kb4 45. Ke4 Kxa4 46. b6
Kb5 47. Kxf4 Kxb6 48. h4 Kc6 49. Kg5 b5 50. h5 b4 0-1